Loneliness, the world's number one killer. (Record no. 2308)

000 -LEADER
fixed length control field 00596nam a2200193 a 4500
001 - CONTROL NUMBER
control field :::00000032$&:&@@
003 - CONTROL NUMBER IDENTIFIER
control field OkBaRHE
005 - DATE AND TIME OF LATEST TRANSACTION
control field 20100331153349.0
008 - FIXED-LENGTH DATA ELEMENTS--GENERAL INFORMATION
fixed length control field s1978 j 000 0 eng u
040 ## - CATALOGING SOURCE
Transcribing agency
100 1# - MAIN ENTRY--PERSONAL NAME
Personal name Wilkerson, Ralph.
245 10 - TITLE STATEMENT
Title Loneliness, the world's number one killer.
260 ## - PUBLICATION, DISTRIBUTION, ETC. (IMPRINT)
Place of publication, distribution, etc Anaheim, CA., :
Name of publisher, distributor, etc Melodyland Publishers
Date of publication, distribution, etc 1978
300 ## - PHYSICAL DESCRIPTION
Extent 96 p. : illus. ;
Dimensions 18 cm.
650 ## - SUBJECT ADDED ENTRY--TOPICAL TERM
Topical term or geographic name as entry element Christian life
General subdivision 1960-.
650 ## - SUBJECT ADDED ENTRY--TOPICAL TERM
Topical term or geographic name as entry element Loneliness.
942 ## - ADDED ENTRY ELEMENTS (KOHA)
Source of classification or shelving scheme
Koha item type Books
Copies
Total Renewals Not for loan Date checked out Koha item type Barcode Price effective from Date acquired Shelving location Damaged status Current Location Date last seen Withdrawn status Full call number Lost status Permanent Location Source of classification or shelving scheme Total Checkouts Copy number
1 2017-01-06Books322010-04-142010-04-14General Stacks RHEMA Bible Training College2018-01-09 BF 575 .L7 W54 RHEMA Bible Training College 11